00809nam a2200205 i 450000100060000000300090000600500170001500700030003200800410003510000350007624501080011126000420021930000220026149000600028365000330034383000680037685200210044499900170046595201210048288325ES-MaACL20230906175835.0t|050104s1911 fr |||| | fre d1 aLa Grasserie, Raoul de.96915610aDu quantitatif dans le langage b: notamment de la catégorie du nombre / cpar Raoul de La Grasserie. aParis : bLib. H. le Soudier, c1911. a164 p. ; c19 cm.1 aÉtudes de linguistique et de psichologie linguistique04aPsicolingüística.9165390 aÉtudes de linguistique et de psichologie linguistique9231827 aES-MaACLjD-2376 c88325d88325 00104070aATENEOMbATENEOMcSVId2008-01-17eSCl0oD-2376p901092265r2023-02-23 00:00:00w2023-02-23yMONOGRAFIA